000 00775nam a2200181 a 4500
001 000042797
005 20250123131622.0
008 140210s1993 dr 000 s spa d
040 _aDO-SdBNP
_bspa
_cBNPHU
082 _axxxx
_bxxxx
245 0 0 _aEducación y reformas políticas y económicas /
_cpresentación ; Rocío Hernández Mella.
260 _aSanto Domingo :
_bImprenta La Palabra,
_c1993.
300 _a38 p. ;
_c21 cm.
490 1 _aPlan educativo
_v23
505 0 _tReformas económicas y desarrollo del recurso humano
_rAntonio Isa Conde
_tReformas políticas y la educación
_rFaustino Collado
_tAlgunas ideas sobres reformas políticas y educación
_rVirtudes Álvaresz
700 1 2 _aHernández Mella, Rocio
_eprest.
_912263
830 0 _aPlan educativo ;
_n23
_970141
999 _c42286
_d42286